[Event "Titled Tuesday intern op 23rd Jan Late"]
[Site "Chess.com INT"]
[Date "2024.01.23"]
[Round "11"]
[White "Obon Temprano, Sergi"]
[Black "Ladan, Nicholas John"]
[Result "0-1"]
[WhiteElo "2194"]
[BlackElo "2168"]
[PlyCount "100"]
[EventDate "2024.01.23"]
[EventType "swiss (blitz)"]
[EventRounds "11"]
[EventCountry "USA"]
[SourceTitle "CB05_2024"]
[SourceDate "2024.01.31"]
[SourceVersion "1"]
[SourceVersionDate "2024.01.31"]
[SourceQuality "1"]

1. c4 e5 2. Nc3 Nc6 3. g3 Bb4 4. Bg2 Nge7 5. e3 d6 6. Nge2 Bf5 7. a3 Bxc3 8. bxc3 Bd3 9. 0-0 0-0 10. Re1 f5 11. a4 b6 12. Ba3 Kh8 13. Nc1 Bxc4 14. d4 e4 15. Ne2 Nd5 16. Qd2 Na5 17. Rab1 Bd3 18. Rb5 Bxb5 19. axb5 Nc4 20. Qa2 Nxa3 21. Qxd5 Qe8 22. c4 Qf7 23. Nf4 Qxd5 24. Nxd5 Rf7 25. Rc1 a6 26. bxa6 Rxa6 27. c5 bxc5 28. dxc5 dxc5 29. Rxc5 c6 30. Nb4 Rb6 31. Nxc6 Rc7 32. Rxf5 g6 33. Ra5 Rcxc6 34. Rxa3 Rc1+ 35. Bf1 Rbb1 36. Kg2 Rxf1 37. Ra8+ Kg7 38. Ra4 Rg1+ 39. Kh3 Rbf1 40. Rxe4 Rxf2 41. Re7+ Kh6 42. Kg4 Rxh2 43. e4 Rhg2 44. Kf4 Rxg3 45. Ke5 Rg5+ 46. Kd6 Rd1+ 47. Kc6 Rg2 48. Kc5 Rc2+ 49. Kb4 Rb1+ 50. Ka3 Rc8 0-1

[Event "Titled Tuesday intern op 16th Jan Late"]
[Site "Chess.com INT"]
[Date "2024.01.16"]
[Round "11"]
[White "Dwilewicz, Katarzyna"]
[Black "Obon Temprano, Sergi"]
[Result "0-1"]
[WhiteElo "2129"]
[BlackElo "2194"]
[PlyCount "130"]
[EventDate "2024.01.16"]
[EventType "swiss (blitz)"]
[EventRounds "11"]
[EventCountry "USA"]
[SourceTitle "CB04_2024"]
[SourceDate "2023.10.16"]
[SourceVersion "1"]
[SourceVersionDate "2023.10.16"]
[SourceQuality "1"]

1. e4 e6 2. d4 d5 3. exd5 exd5 4. Nf3 Bd6 5. Bd3 Ne7 6. 0-0 0-0 7. c3 c6 8. Re1 Nd7 9. h3 Nf6 10. Bg5 Ng6 11. Nbd2 h6 12. Be3 Nf4 13. Bxf4 Bxf4 14. Ne5 Re8 15. Ndf3 Qb6 16. b3 Be6 17. Bc2 Nd7 18. Qd3 Nf8 19. h4 Qc7 20. g3 Bxe5 21. Nxe5 Bh3 22. f4 Qc8 23. Kh2 Bg4 24. Re3 g6 25. Rae1 Bf5 26. Qd2 Bxc2 27. Qxc2 Qc7 28. Kg2 Qd6 29. Qe2 Rad8 30. Nd3 Rxe3 31. Qxe3 Qe6 32. Nc5 Qxe3 33. Rxe3 f6 34. Nxb7 Rd7 35. Nc5 Rc7 36. Re8 Kf7 37. Ra8 Re7 38. Kf2 g5 39. hxg5 fxg5 40. fxg5 hxg5 41. a4 Ng6 42. b4 Kg7 43. a5 Rf7+ 44. Kg2 Kh6 45. a6 g4 46. Rb8 Re7 47. Rb7 Re2+ 48. Kf1 Ra2 49. Rxa7 Kg5 50. Rf7 Nh8 51. Rc7 Kf5 52. Rxc6 Nf7 53. Nd7 Ng5 54. Rf6+ Ke4 55. Nc5+ Ke3 56. Rf5 Ne4 57. Nxe4 dxe4 58. Rf6 Ra1+ 59. Kg2 Kd2 60. b5 e3 61. Re6 e2 62. b6 Rxa6 63. d5 Rxb6 64. Re4 Rd6 65. c4 Rd8 0-1

[Event "Titled Tuesday intern op 16th Jan Late"]
[Site "Chess.com INT"]
[Date "2024.01.16"]
[Round "2"]
[White "Volkov, Maksim"]
[Black "Obon Temprano, Sergi"]
[Result "1-0"]
[WhiteElo "2271"]
[BlackElo "2194"]
[PlyCount "81"]
[EventDate "2024.01.16"]
[EventType "swiss (blitz)"]
[EventRounds "11"]
[EventCountry "USA"]
[SourceTitle "CB04_2024"]
[SourceDate "2023.10.16"]
[SourceVersion "1"]
[SourceVersionDate "2023.10.16"]
[SourceQuality "1"]

1. e4 e6 2. d4 d5 3. Nc3 Bb4 4. e5 c5 5. Bd2 cxd4 6. Nb5 Be7 7. Nxd4 Nc6 8. Ngf3 a6 9. c3 Bc5 10. Bd3 Nge7 11. 0-0 Ng6 12. Re1 Qc7 13. Qe2 0-0 14. b4 Be7 15. a4 Bd7 16. h4 Rfc8 17. h5 Nf8 18. h6 g6 19. Bg5 Qd8 20. Bxe7 Nxe7 21. Ra3 Qe8 22. a5 Nc6 23. Nb3 Na7 24. Nc5 Rc7 25. Qe3 Bb5 26. Bc2 Nd7 27. Nb3 Bc4 28. Nbd4 Nb5 29. Nxb5 Bxb5 30. Nd4 Bc4 31. Qg5 Qd8 32. Qg3 Qe7 33. Re3 Rac8 34. Ra1 Nf8 35. f4 Bb5 36. Rae1 Bd7 37. Rf3 Kh8 38. Ref1 Be8 39. f5 exf5 40. Nxf5 gxf5 41. Qg7# 1-0

[Event "Titled Tuesday intern op 14th Nov Early"]
[Site "Chess.com INT"]
[Date "2023.11.14"]
[Round "6"]
[White "Fernandez, Gerardo"]
[Black "Obon Temprano, Sergi"]
[Result "0-1"]
[WhiteElo "2181"]
[BlackElo "2194"]
[PlyCount "64"]
[EventDate "2023.11.14"]
[EventType "swiss (blitz)"]
[EventRounds "11"]
[EventCountry "USA"]
[SourceTitle "CB47_2023"]
[SourceDate "2023.11.22"]
[SourceVersion "1"]
[SourceVersionDate "2023.11.22"]
[SourceQuality "1"]

1. e4 e5 2. Nf3 Nc6 3. d4 exd4 4. Bc4 Nf6 5. e5 d5 6. Bb5 Ne4 7. Nxd4 Bd7 8. Bxc6 bxc6 9. 0-0 Bc5 10. Be3 Bb6 11. f3 Ng5 12. f4 Ne4 13. Nd2 Nxd2 14. Qxd2 c5 15. Nf3 d4 16. Bf2 0-0 17. Rad1 f6 18. Bh4 Bg4 19. exf6 gxf6 20. h3 Bh5 21. g4 Be8 22. f5 Bc6 23. Qh6 c4 24. Kg2 d3 25. cxd3 cxd3 26. g5 Kh8 27. gxf6 Rg8+ 28. Bg5 Qd5 29. h4 Qxf5 30. Kh2 Rg6 31. Qh5 Bc5 32. Kh1 Qh3# 0-1

[Event "Catalunya-chT Gp1"]
[Site "Barcelona"]
[Date "2023.02.25"]
[Round "6.9"]
[White "Obon Temprano, Sergi"]
[Black "Escriba Castelltort, Josep Maria"]
[Result "1-0"]
[WhiteElo "2193"]
[BlackElo "1832"]
[PlyCount "163"]
[EventDate "2023.01.21"]
[EventType "team-tourn"]
[EventRounds "7"]
[EventCountry "ESP"]
[SourceTitle "CBM 213 Extra"]
[Source "ChessBase"]
[SourceDate "2023.05.31"]
[SourceVersion "1"]
[SourceVersionDate "2023.05.31"]
[SourceQuality "1"]
[WhiteTeam "Barbera"]
[BlackTeam "Badalona Cor de Marina"]
[WhiteTeamCountry "ESP"]
[BlackTeamCountry "ESP"]

1. d4 Nf6 2. Nf3 g6 3. Bf4 Bg7 4. h3 0-0 5. Nbd2 d5 6. e3 Bf5 7. Bd3 Qc8 8. 0-0 c6 9. Bxf5 Qxf5 10. c4 dxc4 11. Nxc4 Nbd7 12. Qb3 Qb5 13. Qxb5 cxb5 14. Na5 b6 15. Nc6 Rfe8 16. Rac1 a5 17. Rc2 Nd5 18. Bg3 N7f6 19. Nd2 Nb4 20. Nxb4 axb4 21. b3 Ra6 22. Rfc1 Nd5 23. Nb1 Rea8 24. Rc8+ Bf8 25. Rxa8 Rxa8 26. Rc2 Nc3 27. Nxc3 bxc3 28. Rxc3 Rxa2 29. Bc7 Ra6 30. e4 e6 31. d5 exd5 32. exd5 Ra1+ 33. Kh2 Rd1 34. Bxb6 Rxd5 35. g3 Kg7 36. Kg2 Bb4 37. Rf3 Be7 38. Kf1 Bb4 39. Ke2 f5 40. Be3 Bc5 41. Bd2 Kf6 42. Bc3+ Bd4 43. Rd3 Ke5 44. Bd2 Bc5 45. Bf4+ Ke6 46. Rc3 h5 47. Rc2 Bd6 48. Be3 Kd7 49. Ra2 Bc5 50. Bf4 Bd6 51. Ra7+ Ke6 52. Ra6 Kd7 53. Be3 Ke6 54. Rb6 Kd7 55. Rb7+ Ke6 56. Bd2 Be5 57. Rb6+ Kf7 58. Be3 Bd6 59. Bg5 Ke6 60. Bf4 Kd7 61. Bxd6 Rxd6 62. Rxb5 Kc6 63. Rb8 Kc5 64. Ke3 g5 65. Rh8 Rb6 66. Rxh5 Rxb3+ 67. Ke2 Kd4 68. Rxg5 Ke4 69. Rh5 Ra3 70. Kf1 Rb3 71. Kg2 Ra3 72. Rh8 Ke5 73. Rf8 Ra2 74. g4 f4 75. h4 Ra3 76. h5 Ra6 77. Rf5+ Ke4 78. f3+ Ke3 79. Re5+ Kd3 80. Re4 Rf6 81. Kh3 Rf8 82. g5 1-0

[Event "Catalunya-chT Gp1"]
[Site "Barcelona"]
[Date "2023.02.04"]
[Round "3.8"]
[White "Vehi Bach, Victor Manuel"]
[Black "Obon Temprano, Sergi"]
[Result "1/2-1/2"]
[WhiteElo "2248"]
[BlackElo "2193"]
[PlyCount "85"]
[EventDate "2023.01.21"]
[EventType "team-tourn"]
[EventRounds "7"]
[EventCountry "ESP"]
[SourceTitle "CBM 213 Extra"]
[Source "ChessBase"]
[SourceDate "2023.05.31"]
[SourceVersion "1"]
[SourceVersionDate "2023.05.31"]
[SourceQuality "1"]
[WhiteTeam "Valls"]
[BlackTeam "Barbera"]
[WhiteTeamCountry "ESP"]
[BlackTeamCountry "ESP"]

1. e4 e5 2. Nf3 Nc6 3. Nc3 Nf6 4. Bb5 Bd6 5. d3 a6 6. Ba4 h6 7. a3 0-0 8. g4 Nh7 9. g5 h5 10. Bb3 g6 11. Be3 Be7 12. Nd5 d6 13. Qd2 Be6 14. Rg1 Re8 15. Nh4 Bf8 16. 0-0-0 Nb8 17. f4 exf4 18. Bd4 Nc6 19. Nf6+ Nxf6 20. Bxf6 Qd7 21. Bxe6 Qxe6 22. Qxf4 Bg7 23. Rdf1 Nd4 24. Qe3 c5 25. c3 Rac8 26. Kb1 Nb5 27. c4 Nd4 28. Bxg7 Kxg7 29. Rf6 Qe5 30. Nf3 Nxf3 31. Qxf3 Re7 32. Rf1 Rcc7 33. Qf4 Rcd7 34. Qxe5 dxe5 35. Kc2 Rd4 36. Kc3 Red7 37. R1f3 R4d6 38. b4 cxb4+ 39. axb4 Rd4 40. h4 Kg8 41. Rb6 Kg7 42. Rbf6 Kg8 43. Rb6 1/2-1/2

[Event "Cornella de Llobregat op 8th"]
[Site "Cornella de Llobregat"]
[Date "2022.10.24"]
[Round "5"]
[White "Sanglas Clariana, Josep"]
[Black "Obon Temprano, Sergi"]
[Result "1-0"]
[WhiteElo "2269"]
[BlackElo "2197"]
[PlyCount "125"]
[EventDate "2022.09.26"]
[EventType "swiss"]
[EventRounds "9"]
[EventCountry "ESP"]
[SourceTitle "EXT 2024"]
[Source "ChessBase"]
[SourceDate "2023.10.10"]
[SourceVersion "1"]
[SourceVersionDate "2023.10.10"]
[SourceQuality "1"]

1. c4 c6 2. e4 e5 3. Nf3 d6 4. d4 Qc7 5. Nc3 Nf6 6. h3 Be7 7. Be3 Nbd7 8. Bd3 0-0 9. 0-0 Rd8 10. Qe2 Nf8 11. c5 exd4 12. cxd6 Bxd6 13. Bxd4 Ne6 14. Bxf6 Nf4 15. Qe3 gxf6 16. Rfd1 Kh8 17. Ne2 Rg8 18. Nxf4 Bxf4 19. Qd4 Qe7 20. Kf1 Be5 21. Nxe5 fxe5 22. Qe3 Be6 23. b3 Rg7 24. Bc4 Bxc4+ 25. bxc4 Qe6 26. Rac1 Rag8 27. g4 b6 28. f3 f6 29. Qd2 Re7 30. Qd6 Rge8 31. Qxe6 Rxe6 32. Rd7 R8e7 33. Rcd1 Kg7 34. Rd8 Kg6 35. h4 Kf7 36. Rh8 Kg7 37. Rdd8 Kh6 38. Ke2 Rc7 39. Kd3 Ree7 40. Ke3 Rcd7 41. f4 exf4+ 42. Kxf4 Rxd8 43. Rxd8 Kg7 44. Rd6 c5 45. g5 fxg5+ 46. hxg5 Rf7+ 47. Ke5 Rf2 48. Rd7+ Kg6 49. Rxa7 Rc2 50. Kd5 Rd2+ 51. Kc6 Rd4 52. e5 Kxg5 53. Rxh7 Kf5 54. Rh5+ Ke6 55. Kb5 Rg4 56. a4 Rf4 57. Rh6+ Kxe5 58. Rxb6 Kd4 59. a5 Kc3 60. Rh6 Rf1 61. a6 Ra1 62. Kxc5 Ra5+ 63. Kb6 1-0

[Event "Catalunya-chT Final"]
[Site "Barcelona"]
[Date "2022.04.02"]
[Round "2.9"]
[White "Obon Temprano, Sergi"]
[Black "Fernandez Aguado, Enrique"]
[Result "0-1"]
[WhiteElo "2252"]
[BlackElo "2267"]
[PlyCount "50"]
[EventDate "2022.03.26"]
[EventType "team-k.o."]
[EventRounds "2"]
[EventCountry "ESP"]
[SourceTitle "CBM 208 Extra"]
[Source "ChessBase"]
[SourceDate "2022.07.31"]
[SourceVersion "1"]
[SourceVersionDate "2022.07.31"]
[SourceQuality "1"]
[WhiteTeam "Barbera"]
[BlackTeam "Colon Sabadell"]
[WhiteTeamCountry "ESP"]
[BlackTeamCountry "ESP"]

1. e4 e6 2. d4 d5 3. Nd2 Be7 4. Ngf3 Nf6 5. e5 Nfd7 6. Bd3 c5 7. c3 Nc6 8. 0-0 cxd4 9. cxd4 Qb6 10. Nb3 f6 11. exf6 Nxf6 12. Bg5 0-0 13. Ne5 a5 14. Bxf6 Bxf6 15. Qh5 h6 16. Ng4 e5 17. Nxf6+ Rxf6 18. Qe8+ Rf8 19. Bh7+ Kxh7 20. Qxf8 a4 21. Nc5 Nxd4 22. Nxa4 Qg6 23. g3 Bh3 24. Qxa8 Qe4 25. f3 Qe2 0-1

[Event "Catalunya-chT Gp2"]
[Site "Barcelona"]
[Date "2022.02.26"]
[Round "6.8"]
[White "Lasanta Rica, Cesar"]
[Black "Obon Temprano, Sergi"]
[Result "1-0"]
[WhiteElo "2139"]
[BlackElo "2252"]
[PlyCount "49"]
[EventDate "2022.01.22"]
[EventType "team-tourn"]
[EventRounds "9"]
[EventCountry "ESP"]
[SourceTitle "CBM 208 Extra"]
[Source "ChessBase"]
[SourceDate "2022.07.31"]
[SourceVersion "1"]
[SourceVersionDate "2022.07.31"]
[SourceQuality "1"]
[WhiteTeam "Colon Ateneu"]
[BlackTeam "Barbera"]
[WhiteTeamCountry "ESP"]
[BlackTeamCountry "ESP"]

1. d4 d5 2. Nf3 Nf6 3. g3 c6 4. Bg2 Bf5 5. c4 e6 6. Nc3 h6 7. Qb3 Qb6 8. c5 Qxb3 9. axb3 Na6 10. Ra4 Nd7 11. Be3 Bc2 12. Kd2 Bxb3 13. Ra3 Bc4 14. b3 Bb5 15. Nxb5 cxb5 16. Rha1 0-0-0 17. Ra5 g5 18. Rxb5 Nc7 19. Rba5 b6 20. Rxa7 bxc5 21. dxc5 Bxc5 22. Bxc5 Nxc5 23. Nd4 Nb5 24. Rxf7 Kb8 25. Nc6+ 1-0

[Event "Catalunya-chT Gp2"]
[Site "Barcelona"]
[Date "2020.02.22"]
[Round "6.6"]
[White "Obon Temprano, Sergi"]
[Black "Rodriguez Adell, Aaron"]
[Result "1/2-1/2"]
[WhiteElo "2284"]
[BlackElo "2154"]
[PlyCount "102"]
[EventDate "2020.01.18"]
[EventType "team-tourn"]
[EventRounds "7"]
[EventCountry "ESP"]
[SourceTitle "CBM 195 Extra"]
[Source "ChessBase"]
[SourceDate "2020.05.31"]
[SourceVersion "1"]
[SourceVersionDate "2020.05.31"]
[SourceQuality "1"]
[WhiteTeam "Barbera"]
[BlackTeam "Valls"]
[WhiteTeamCountry "ESP"]
[BlackTeamCountry "ESP"]

1. e4 c5 2. Nf3 e6 3. d4 cxd4 4. Nxd4 Nc6 5. Nc3 Qc7 6. Be3 a6 7. Bd3 Nf6 8. 0-0 b5 9. Nxc6 Qxc6 10. f3 Bc5 11. Qe1 Qc7 12. Kh1 b4 13. Nd1 Bxe3 14. Nxe3 a5 15. Qh4 Ba6 16. Qg5 0-0 17. Rfc1 h6 18. Qh4 Qc5 19. Qe1 Bxd3 20. cxd3 Qd4 21. Qe2 Rfc8 22. Rc4 Rxc4 23. dxc4 d6 24. Rd1 Qc5 25. Qd2 Rc8 26. b3 Rd8 27. Qd4 Qxd4 28. Rxd4 Rd7 29. Nc2 Kf8 30. Kg1 Ke7 31. Kf2 Rc7 32. Rd2 Nd7 33. Nd4 Nc5 34. Ke3 Rc8 35. f4 Ra8 36. f5 Rc8 37. g4 Nd7 38. Nb5 Rc6 39. h4 a4 40. g5 axb3 41. axb3 hxg5 42. hxg5 Nc5 43. Nd4 Ra6 44. Rb2 Ra3 45. Nc6+ Kd7 46. Nxb4 Rxb3+ 47. Rxb3 Nxb3 48. Nd3 Na5 49. Kd4 Nc6+ 50. Kc3 exf5 51. exf5 Ne7 1/2-1/2

[Event "Catalunya-chT Gp2"]
[Site "Barcelona"]
[Date "2020.01.25"]
[Round "2.8"]
[White "Domene Mulyukov, Alexander"]
[Black "Obon Temprano, Sergi"]
[Result "0-1"]
[WhiteElo "1871"]
[BlackElo "2284"]
[PlyCount "86"]
[EventDate "2020.01.18"]
[EventType "team-tourn"]
[EventRounds "7"]
[EventCountry "ESP"]
[SourceTitle "CBM 194 Extra"]
[Source "ChessBase"]
[SourceDate "2020.03.31"]
[SourceVersion "1"]
[SourceVersionDate "2020.03.31"]
[SourceQuality "1"]
[WhiteTeam "Salauris"]
[BlackTeam "Barbera"]
[WhiteTeamCountry "ESP"]
[BlackTeamCountry "ESP"]

1. e4 e5 2. Nf3 Nc6 3. d4 exd4 4. Nxd4 Bc5 5. Nb3 Bb6 6. Nc3 d6 7. Qe2 Be6 8. Be3 Bxe3 9. Qxe3 Nf6 10. f3 Qe7 11. 0-0-0 0-0 12. g4 a5 13. g5 Nd7 14. f4 Bxb3 15. cxb3 Nc5 16. f5 Nb4 17. f6 Qe5 18. fxg7 Rfe8 19. a3 Nc6 20. Nd5 Nxe4 21. Rg1 a4 22. Rg4 Kxg7 23. Qh3 Nd4 24. Qh6+ Kh8 25. Rxe4 Nxb3+ 26. Kb1 Qxe4+ 27. Bd3 Qxd3+ 28. Rxd3 Re1+ 29. Rd1 Rxd1+ 30. Kc2 Rxd5 31. Qf6+ Kg8 32. h4 Re8 33. h5 Rd2+ 34. Kc3 Re3+ 35. Kc4 Rd4+ 36. Kb5 Re5+ 37. Qxe5 dxe5 38. g6 Rd5+ 39. Kc4 c6 40. g7 e4 41. h6 b5+ 42. Kb4 Rd4+ 43. Kc3 Rc4# 0-1

[Event "Catalunya-chT Gp2"]
[Site "Barcelona"]
[Date "2020.01.18"]
[Round "1.7"]
[White "Ternault, Mathieu"]
[Black "Obon Temprano, Sergi"]
[Result "1-0"]
[WhiteElo "2344"]
[BlackElo "2284"]
[PlyCount "83"]
[EventDate "2020.01.18"]
[EventType "team-tourn"]
[EventRounds "7"]
[EventCountry "ESP"]
[SourceTitle "CBM 194 Extra"]
[Source "ChessBase"]
[SourceDate "2020.03.31"]
[SourceVersion "1"]
[SourceVersionDate "2020.03.31"]
[SourceQuality "1"]
[WhiteTeam "Barcelona Escacs CC"]
[BlackTeam "Barbera"]
[WhiteTeamCountry "ESP"]
[BlackTeamCountry "ESP"]

1. Nf3 d5 2. c4 c6 3. e3 Nf6 4. Nc3 e6 5. b3 Nbd7 6. Bb2 Bd6 7. d4 0-0 8. Bd3 Qe7 9. h3 Rd8 10. 0-0 e5 11. dxe5 Nxe5 12. cxd5 cxd5 13. Nb5 Nxd3 14. Qxd3 Qe4 15. Qxe4 dxe4 16. Bxf6 gxf6 17. Nxd6 exf3 18. Rfd1 fxg2 19. Kxg2 Be6 20. f3 Rd7 21. Ne4 Kg7 22. Rxd7 Bxd7 23. Rd1 Bc6 24. Nd6 Kf8 25. Kg3 a5 26. Rd4 Rd8 27. a3 Rd7 28. Kf4 Rd8 29. h4 Ke7 30. Nf5+ Ke8 31. Rd6 a4 32. bxa4 Bxa4 33. Rxf6 Rd3 34. Rh6 Bc2 35. e4 Bd1 36. Ne3 Be2 37. Rxh7 Rxa3 38. h5 Ra1 39. Kg3 b5 40. h6 Rh1 41. Nf5 f6 42. Rb7 1-0

[Event "Catalunya-chT Gp2"]
[Site "Barcelona"]
[Date "2019.02.23"]
[Round "6.8"]
[White "Martinez Talavera, Jordi"]
[Black "Obon Temprano, Sergi"]
[Result "0-1"]
[WhiteElo "1951"]
[BlackElo "2273"]
[PlyCount "72"]
[EventDate "2019.01.19"]
[EventType "team-tourn"]
[EventRounds "7"]
[EventCountry "ESP"]
[SourceTitle "CBM 189 Extra"]
[Source "ChessBase"]
[SourceDate "2019.06.03"]
[SourceVersion "1"]
[SourceVersionDate "2019.06.03"]
[SourceQuality "1"]
[WhiteTeam "Sant Josep de Badalona"]
[BlackTeam "Barbera"]
[WhiteTeamCountry "ESP"]
[BlackTeamCountry "ESP"]

1. d4 d5 2. Bf4 Nf6 3. e3 e6 4. Nf3 Bd6 5. Bg3 0-0 6. Bd3 Nc6 7. c3 Qe7 8. Ne5 Nd7 9. f4 f6 10. Bxh7+ Kxh7 11. Qh5+ Kg8 12. Ng6 Qe8 13. Qh8+ Kf7 14. Nxf8 Qxf8 15. Qxf8+ Kxf8 16. h4 Ne7 17. h5 Nf5 18. Bf2 Nh6 19. a4 Ng4 20. Nd2 f5 21. Nf3 Ndf6 22. Nh4 Bd7 23. Ng6+ Kf7 24. Ke2 b5 25. a5 b4 26. Be1 Bb5+ 27. Kf3 b3 28. Ne5+ Bxe5 29. fxe5 Ne4 30. Ra3 Bc4 31. Ra4 c5 32. g3 Rh8 33. Rh4 Ke7 34. dxc5 Nxe5+ 35. Kg2 Nd3 36. Rh1 Nxb2 0-1